000
00339nam a2200157Ia 4500
003
Ost
005
20260225132553.0
008
260225s9999||||xx |||||||||||||| ||und||
040
_c
fsic
041
_a
fre
082
_a
440
100
_a
O.P.U
_e
Auteur
245
0
_a
Le développement économique /
245
0
_c
O.P.U
942
_c
كتاب
999
_c
34290
_d
34290